| 000 | 00488nam a2200193 a 4500 | ||
|---|---|---|---|
| 001 | 1766296075787 | ||
| 003 | YourLibrary | ||
| 005 | 20251221111917.0 | ||
| 008 | 251221s2000##################000#0#eng## | ||
| 020 | _a9780122191602 | ||
| 082 | 0 | 4 |
_a616.86 _bDOD |
| 100 | 1 |
_aDodgen, Charles E., _eauthor. |
|
| 245 | 1 | 0 | _aSubstance Use Disorders : |
| 260 |
_bElsevier, _c2000. |
||
| 300 | _a194 pages | ||
| 650 | 0 | _aMedical. | |
| 942 | _cENGLISH | ||
| 040 |
_aYourLibrary _beng _cYourLibrary |
||
| 999 |
_c603346 _d603346 |
||